00604nam a2200169Ia 4500008004100000020001800041050002000059082002200079100001900101245008100120260002300201300001100224500004400235650004100279952009700320999001700417121101s9999 xx 000 0 und d a968-24-2184-5 aHD31 K3818 1991 a658.151 K21g 1991 aKaufman, Roger aGuía práctica para la planeación en las organizaciones / Roger Kaufman aMéxico : Trillas a245 p. aTraducción de: Alicia Richero Casnati a1. PLANEACIÓN 2. ORGANIZACIÓNÌ 00104070a12b12d2008-11-28l0oHD31 K3818 1991p12 002100r2015-04-22t1w2012-11-01yLB c87597d87597